| 000 | 01182nam a22003017a 4500 | ||
|---|---|---|---|
| 999 |
_c63413 _d63413 |
||
| 005 | 20240530110639.0 | ||
| 008 | 171009s2016 ua a g b 000 0 ara d | ||
| 017 |
_a2015/10651 _bمصر. دار الكتب |
||
| 020 | _a9789777352840 | ||
| 040 |
_aEG-CaGPL _cEG-CaGPL |
||
| 082 | 0 | 4 |
_221 _a020\ _bم ع |
| 100 | 0 | _aمرسى محمود رزق . | |
| 245 | 1 | 0 |
_aعلم المكتبات المقارن / _cمرسى محمود رزق . |
| 250 | _aط.1 | ||
| 260 |
_aالاسكندرية : _bدار الوفاء لدنيا الطباعة و النشر ، _c2016 . |
||
| 300 |
_a723 ص. ؛ _c24 سم. |
||
| 504 | _aيشتمل على ارجاعات ببليوجرافية | ||
| 650 | 0 | 7 |
_2qrmak _aالمكتبات ، علم |
| 650 | 0 | 7 |
_2qrmak _aالمكتبات العامة |
| 650 | 0 | 7 |
_2qrmak _aالنشر الالكترونى |
| 650 | 0 | 7 |
_2qrmak _aالمكتبات المدرسية |
| 650 | 0 | 7 |
_2qrmak _aالمكتبات الجامعية . |
| 650 | 0 | 7 |
_2qrmak _aالتعليم الالكترونى |
| 650 | 0 | 7 |
_2qrmak _aالتعليم عن بعد |
| 650 | 0 | 7 |
_2qrmak _aمصادر المعلومان |
| 942 |
_2ddc _cBK |
||